00624nam a22001937a 450000500170000001000150001702000260003203500140005803700090007208200080008110000210008924501120011025000160022226000570023827000760029530000190037170000190039070000210040920220314130806.0 aENG-131973 a9789355320544c450.00 aEN-115505 bDBAD a000 aTripathi, Snehil aAn Introduction to Madhya Pradesh:bGeneral Knowledge/cSnehil Tripathi, Sonali Bansal and Pavan Choudhary a4th Edition aChennaibMcGraw Hill Education Private Limitedc2022 aAnjana Complex No. 5/90 A, Butt Road, St. Thomas MountbChennaie600016 avp.c24cm(pbk) aBansal, Sonali aChoudhary, Pavan